[Event "Tradewise Gibraltar Masters 16th"]
[Site "Gibraltar"]
[Date "2018.01.24"]
[Round "2.86"]
[White "Lei, Tingjie"]
[Black "Maloberti, David"]
[Result "1-0"]
[WhiteElo "2531"]
[BlackElo "2148"]
[PlyCount "81"]
[EventDate "2018.01.23"]
[EventType "swiss"]
[EventRounds "10"]
[EventCountry "GGB"]
[SourceTitle "BritBase"]
[Source "www.saund.co.uk"]
[SourceDate "2018.02.10"]
[SourceVersion "1"]
[SourceVersionDate "2018.02.10"]
[SourceQuality "1"]

1. e4 e6 2. d4 d5 3. Nd2 Nf6 4. e5 Nfd7 5. Bd3 b6 6. c3 Ba6 7. Bxa6 Nxa6 8. Ne2
c5 9. O-O Nab8 10. Nf3 Nc6 11. Nf4 Na5 12. Re1 h6 13. Qc2 Nb8 14. b3 c4 15. g3
Be7 16. Nh5 g6 17. Nf4 Rg8 18. Nd2 Qc7 19. Nf1 Nbc6 20. Ne3 O-O-O 21. bxc4 Nxc4
22. Nxc4 dxc4 23. Qe4 Qd7 24. Ng2 h5 25. Ne3 b5 26. a4 b4 27. Bb2 Kc7 28. Nxc4
Qd5 29. Qe2 bxc3 30. Bxc3 Nxd4 31. Bxd4 Qxd4 32. Red1 Qc5 33. Rdc1 Kd7 34. Nd6
Qa5 35. Nb7 Qb6 36. Rab1 Bb4 37. Nxd8 Rxd8 38. a5 Qxa5 39. Qe4 Ba3 40. Rd1+ Ke7
41. Qh4+ 1-0

[Event "Tradewise Gibraltar Masters 16th"]
[Site "Gibraltar"]
[Date "2018.01.24"]
[Round "2.87"]
[White "Veltkamp, Gerben"]
[Black "Bellahcene, Bilel"]
[Result "0-1"]
[WhiteElo "2123"]
[BlackElo "2494"]
[PlyCount "70"]
[EventDate "2018.01.23"]
[EventType "swiss"]
[EventRounds "10"]
[EventCountry "GGB"]
[SourceTitle "BritBase"]
[Source "www.saund.co.uk"]
[SourceDate "2018.02.10"]
[SourceVersion "1"]
[SourceVersionDate "2018.02.10"]
[SourceQuality "1"]

1. d4 Nf6 2. Nf3 e6 3. Nbd2 d5 4. e3 c5 5. c3 Nc6 6. Bd3 Be7 7. Qe2 O-O 8. O-O
Qc7 9. dxc5 Bxc5 10. e4 h6 11. Bc2 Bb6 12. a4 a5 13. h3 Ne7 14. e5 Nh5 15. Nb3
Ng3 16. Qd3 Ng6 17. Re1 Ne4 18. Be3 Bd7 19. Bxb6 Qxb6 20. Qd4 Qc7 21. Nbd2 Nc5
22. h4 Ne7 23. h5 b6 24. Qg4 Kh8 25. Nd4 f5 26. exf6 gxf6 27. b4 axb4 28. cxb4
e5 29. Qg3 Ne6 30. N2f3 Nf4 31. Qxf4 exf4 32. Rxe7 Rae8 33. Rh7+ Kg8 34. Bf5
Qc3 35. Rf1 Bxf5 0-1

[Event "Tradewise Gibraltar Masters 16th"]
[Site "Gibraltar"]
[Date "2018.01.24"]
[Round "2.88"]
[White "Stewart, Ashley"]
[Black "Devereaux, Maxim L"]
[Result "1/2-1/2"]
[WhiteElo "2120"]
[BlackElo "2370"]
[PlyCount "97"]
[EventDate "2018.01.23"]
[EventType "swiss"]
[EventRounds "10"]
[EventCountry "GGB"]
[SourceTitle "BritBase"]
[Source "www.saund.co.uk"]
[SourceDate "2018.02.10"]
[SourceVersion "1"]
[SourceVersionDate "2018.02.10"]
[SourceQuality "1"]

1. c4 Nf6 2. g3 c6 3. Bg2 d5 4. Nf3 dxc4 5. O-O Nbd7 6. Na3 Nb6 7. Ne5 Qd4 8.
Nexc4 e6 9. d3 Be7 10. Rb1 O-O 11. b4 Qd8 12. b5 cxb5 13. Nxb5 Nbd5 14. Bb2 a6
15. Nc3 b5 16. Ne5 Bb7 17. Nxd5 Nxd5 18. a4 b4 19. Qb3 Rc8 20. Rfc1 a5 21. Rxc8
Qxc8 22. Rc1 Qa8 23. e4 Nc3 24. Bxc3 bxc3 25. Rxc3 Bb4 26. Rc2 Rc8 27. Bf3 Rxc2
28. Qxc2 f6 29. Nc4 Qd8 30. Bg4 f5 31. Bh3 Qd4 32. Bg2 h6 33. h3 Ba6 34. exf5
exf5 35. Bc6 Kh7 36. Qe2 Bc5 37. g4 Qa1+ 38. Kg2 Qf6 39. Qf3 Bxc4 40. dxc4 fxg4
41. hxg4 Qxf3+ 42. Kxf3 Kg6 43. Ke4 Kf6 44. Kd5 Bxf2 45. c5 Ke7 46. Kc4 Kd8 47.
Kb5 Kc7 48. Be4 Be1 49. Bg6 1/2-1/2

[Event "Tradewise Gibraltar Masters 16th"]
[Site "Gibraltar"]
[Date "2018.01.24"]
[Round "2.89"]
[White "Bjerre, Jonas Buhl"]
[Black "Barrenechea Bahamonde, Gustavo"]
[Result "1-0"]
[WhiteElo "2367"]
[BlackElo "2127"]
[PlyCount "53"]
[EventDate "2018.01.23"]
[EventType "swiss"]
[EventRounds "10"]
[EventCountry "GGB"]
[SourceTitle "BritBase"]
[Source "www.saund.co.uk"]
[SourceDate "2018.02.10"]
[SourceVersion "1"]
[SourceVersionDate "2018.02.10"]
[SourceQuality "1"]

1. e4 c5 2. Nf3 d6 3. d4 cxd4 4. Nxd4 Nf6 5. Nc3 g6 6. Be3 Bg7 7. f3 Nc6 8. Qd2
O-O 9. Bc4 Bd7 10. O-O-O Rc8 11. Bb3 Ne5 12. Kb1 a6 13. h4 h5 14. g4 hxg4 15.
h5 Nxh5 16. Rdg1 Rc5 17. f4 Nc4 18. Bxc4 Rxc4 19. f5 Qa5 20. Rxg4 Rxc3 21. bxc3
Rc8 22. Rxh5 gxh5 23. Rg1 Kh7 24. Qe2 Rh8 25. Qxh5+ Kg8 26. Rxg7+ Kxg7 27. f6+
1-0

[Event "Tradewise Gibraltar Masters 16th"]
[Site "Gibraltar"]
[Date "2018.01.24"]
[Round "2.90"]
[White "Blohberger, Felix"]
[Black "Herzwurm, Robert"]
[Result "1-0"]
[WhiteElo "2367"]
[BlackElo "2123"]
[PlyCount "63"]
[EventDate "2018.01.23"]
[EventType "swiss"]
[EventRounds "10"]
[EventCountry "GGB"]
[SourceTitle "BritBase"]
[Source "www.saund.co.uk"]
[SourceDate "2018.02.10"]
[SourceVersion "1"]
[SourceVersionDate "2018.02.10"]
[SourceQuality "1"]

1. Nf3 d5 2. g3 Nc6 3. Bg2 Nf6 4. d4 Bf5 5. O-O e6 6. b3 Nb4 7. Na3 c5 8. c4
Rc8 9. Bb2 Be4 10. cxd5 Bxd5 11. Nc4 Be7 12. a3 Nc6 13. dxc5 Bxc5 14. Rc1 O-O
15. b4 Be7 16. Ne3 Be4 17. Qb3 Qb6 18. Rfd1 Qb5 19. Qc4 Qxc4 20. Rxc4 b5 21.
Rcc1 Nd5 22. Nxd5 Bxd5 23. Ne5 Bxg2 24. Kxg2 Nxe5 25. Bxe5 a5 26. Rxc8 Rxc8 27.
bxa5 Re8 28. Bc7 Rc8 29. Bb6 Rc3 30. a6 Rxa3 31. a7 Ra6 32. Rc1 1-0

[Event "Tradewise Gibraltar Masters 16th"]
[Site "Gibraltar"]
[Date "2018.01.24"]
[Round "2.91"]
[White "Osuna Vega, Enrique"]
[Black "Lazarne Vajda, Szidonia"]
[Result "0-1"]
[WhiteElo "2102"]
[BlackElo "2362"]
[PlyCount "94"]
[EventDate "2018.01.23"]
[EventType "swiss"]
[EventRounds "10"]
[EventCountry "GGB"]
[SourceTitle "BritBase"]
[Source "www.saund.co.uk"]
[SourceDate "2018.02.10"]
[SourceVersion "1"]
[SourceVersionDate "2018.02.10"]
[SourceQuality "1"]

1. Nf3 Nf6 2. d3 d5 3. Nbd2 g6 4. e4 Bg7 5. c3 c5 6. Be2 Nc6 7. O-O O-O 8. Re1
e5 9. Qc2 h6 10. Nf1 Be6 11. Ne3 Re8 12. b3 Rc8 13. Qb1 Qc7 14. c4 dxe4 15.
dxe4 Nd4 16. Nd5 Bxd5 17. cxd5 Re7 18. Bd2 Ne8 19. Nxd4 exd4 20. Qd3 Nd6 21.
Bf4 Be5 22. Bxh6 Nxe4 23. g3 Nc3 24. Bg5 Ree8 25. f4 Bg7 26. f5 gxf5 27. Bf3
Qd7 28. Rf1 Ne4 29. Bf4 Qxd5 30. Rac1 a6 31. a4 Rc6 32. Rfe1 Rb6 33. Rc4 Rbe6
34. Rc2 Qd7 35. Rce2 Nc3 36. Rxe6 Rxe6 37. Rf1 Re8 38. Bh5 Ne4 39. Bf3 b5 40.
axb5 Qxb5 41. Rd1 Nc3 42. Rd2 Qxd3 43. Rxd3 Re1+ 44. Kg2 Rb1 45. Bb7 a5 46. Bd6
Rxb3 47. Ba6 Rb6 0-1

[Event "Tradewise Gibraltar Masters 16th"]
[Site "Gibraltar"]
[Date "2018.01.24"]
[Round "2.92"]
[White "Pabalan, Rocky"]
[Black "Tate, Alan"]
[Result "0-1"]
[WhiteElo "2098"]
[BlackElo "2358"]
[PlyCount "80"]
[EventDate "2018.01.23"]
[EventType "swiss"]
[EventRounds "10"]
[EventCountry "GGB"]
[SourceTitle "BritBase"]
[Source "www.saund.co.uk"]
[SourceDate "2018.02.10"]
[SourceVersion "1"]
[SourceVersionDate "2018.02.10"]
[SourceQuality "1"]

1. e4 c5 2. Nf3 d6 3. d4 Nf6 4. Nc3 cxd4 5. Nxd4 a6 6. Rg1 e5 7. Nb3 h5 8. Bg5
Be6 9. Be2 Nbd7 10. Qd2 Rc8 11. f3 Be7 12. h4 Qc7 13. g4 hxg4 14. fxg4 b5 15.
Bxf6 Nxf6 16. g5 b4 17. Nd5 Nxd5 18. exd5 Bf5 19. Qxb4 Qxc2 20. Rc1 Qxb2 21.
Rxc8+ Bxc8 22. Kf2 O-O 23. Rc1 Bf5 24. Rc6 Qxa2 25. Rxa6 Qb2 26. Rb6 Rd8 27.
Rb8 Rxb8 28. Qxb8+ Bf8 29. Qb5 Bc2 30. Na5 Qd4+ 31. Ke1 Qxh4+ 32. Kd2 Bg6 33.
Nc6 Qxg5+ 34. Kd1 Qg1+ 35. Kd2 Qg5+ 36. Kd1 Bf5 37. Qb8 Be4 38. Bc4 g6 39. Qe8
Kg7 40. Nd8 Qe7 0-1

[Event "Tradewise Gibraltar Masters 16th"]
[Site "Gibraltar"]
[Date "2018.01.24"]
[Round "2.93"]
[White "Perez Garcia, Alejandro"]
[Black "Villar Reymundo, Juan Antonio"]
[Result "0-1"]
[WhiteElo "2357"]
[BlackElo "2121"]
[PlyCount "146"]
[EventDate "2018.01.23"]
[EventType "swiss"]
[EventRounds "10"]
[EventCountry "GGB"]
[SourceTitle "BritBase"]
[Source "www.saund.co.uk"]
[SourceDate "2018.02.10"]
[SourceVersion "1"]
[SourceVersionDate "2018.02.10"]
[SourceQuality "1"]

1. d4 Nf6 2. Nf3 e6 3. Bf4 b6 4. e3 Bb7 5. Bd3 c5 6. O-O Be7 7. h3 O-O 8. c3 d6
9. Nbd2 cxd4 10. exd4 Nbd7 11. Re1 Re8 12. Qc2 Bf8 13. Ng5 g6 14. Ndf3 Qc7 15.
Bh2 Rac8 16. Re2 Bg7 17. Rae1 Nb8 18. Qd2 Nc6 19. Qf4 h6 20. Ne4 Nxe4 21. Bxe4
e5 22. dxe5 dxe5 23. Qc1 Ba6 24. Re3 Ne7 25. Bc2 f6 26. Nh4 g5 27. Nf5 Bc4 28.
Nxg7 Kxg7 29. Rxe5 Qd8 30. R5e3 b5 31. b3 Bf7 32. Qa3 Nc6 33. Rxe8 Bxe8 34. Be4
Qd2 35. Qc1 Qxa2 36. Bc2 Bf7 37. Bd6 Nd4 38. cxd4 Rxc2 39. Qe3 Qxb3 40. Qe7 Qa2
41. Qf8+ Kg6 42. Re7 Re2 43. h4 Rxe7 44. Qxe7 Qe6 45. h5+ Kxh5 46. Qxa7 Kg6 47.
Bb4 h5 48. Qc5 Qe2 49. Qd6 h4 50. Bc3 Bc4 51. Qd8 Qd1+ 52. Kh2 Qb3 53. Qe8+ Bf7
54. Qe4+ Kg7 55. Be1 Qa2 56. Qg4 Be6 57. Qf3 Qd5 58. Qe2 Qf5 59. Bc3 Qg4 60.
Qe3 Kg6 61. Qd3+ Qf5 62. Qe3 Qf4+ 63. Qxf4 gxf4 64. Kg1 Bd5 65. Kf1 Kf5 66. Bb4
Kg4 67. Be7 f5 68. Bd6 f3 69. gxf3+ Bxf3 70. Ke1 Bd5 71. Kd2 Kf3 72. Kc3 f4 73.
Kb4 h3 0-1

[Event "Tradewise Gibraltar Masters 16th"]
[Site "Gibraltar"]
[Date "2018.01.24"]
[Round "2.94"]
[White "Paehtz, Thomas"]
[Black "Smith, Andrew Philip"]
[Result "1/2-1/2"]
[WhiteElo "2356"]
[BlackElo "2111"]
[PlyCount "96"]
[EventDate "2018.01.23"]
[EventType "swiss"]
[EventRounds "10"]
[EventCountry "GGB"]
[SourceTitle "BritBase"]
[Source "www.saund.co.uk"]
[SourceDate "2018.02.10"]
[SourceVersion "1"]
[SourceVersionDate "2018.02.10"]
[SourceQuality "1"]

1. e4 e5 2. Nf3 d6 3. d4 Nd7 4. Bc4 Qe7 5. O-O h6 6. Re1 g6 7. a4 Bg7 8. a5 a6
9. dxe5 Nxe5 10. Nxe5 Qxe5 11. Nc3 Qc5 12. Bd5 Qd4 13. Qf3 Qf6 14. e5 dxe5 15.
Bf4 Ne7 16. Rxe5 O-O 17. Ne4 Qxe5 18. Bxe5 Bxe5 19. Ba2 Bxb2 20. Re1 Nc6 21. c3
Ba3 22. Qg3 Bf5 23. Qxc7 Bxe4 24. Rxe4 Rad8 25. g3 Rd2 26. Bc4 Nd8 27. Rd4 Rxd4
28. cxd4 Re8 29. d5 Re1+ 30. Kg2 Be7 31. Qb6 Kg7 32. Qd4+ Bf6 33. Qd2 Rb1 34.
h4 h5 35. Kf3 Rb2 36. Qd3 Rb4 37. g4 hxg4+ 38. Kxg4 Ra4 39. f4 Rxa5 40. h5 b5
41. Bb3 gxh5+ 42. Kxh5 Ra3 43. Qg3+ Kf8 44. f5 Ra1 45. Qd6+ Kg7 46. Qg3+ Kf8
47. Qd6+ Kg7 48. Qg3+ Kf8 1/2-1/2

[Event "Tradewise Gibraltar Masters 16th"]
[Site "Gibraltar"]
[Date "2018.01.24"]
[Round "2.95"]
[White "Bolt, Graham"]
[Black "Renman, Nils-Gustaf"]
[Result "0-1"]
[WhiteElo "2094"]
[BlackElo "2350"]
[PlyCount "121"]
[EventDate "2018.01.23"]
[EventType "swiss"]
[EventRounds "10"]
[EventCountry "GGB"]
[SourceTitle "BritBase"]
[Source "www.saund.co.uk"]
[SourceDate "2018.02.10"]
[SourceVersion "1"]
[SourceVersionDate "2018.02.10"]
[SourceQuality "1"]

1. Nf3 d5 2. g3 Nf6 3. Bg2 c6 4. d3 Bg4 5. b3 Nbd7 6. Bb2 Bxf3 7. Bxf3 e5 8.
Bg2 Bc5 9. e3 Qe7 10. Nd2 Ba3 11. Qc1 Bxb2 12. Qxb2 O-O 13. O-O a5 14. a4 Rfe8
15. c3 h5 16. e4 h4 17. exd5 cxd5 18. c4 hxg3 19. hxg3 Nc5 20. cxd5 Nxd3 21.
Qb1 Nb4 22. d6 Qxd6 23. Ne4 Nxe4 24. Qxe4 Rab8 25. Rac1 b6 26. Rfd1 Qe7 27. Bf1
g6 28. Rd2 Rbd8 29. Rcd1 Rxd2 30. Rxd2 Qc7 31. Bc4 Kg7 32. g4 f6 33. Kg2 Rd8
34. Rxd8 Qxd8 35. g5 Qc7 36. gxf6+ Kxf6 37. Bb5 Qd6 38. Qh4+ Kg7 39. Bc4 Nc6
40. Qe4 Ne7 41. Qe3 Nf5 42. Qc3 Qd4 43. Qc2 Qg4+ 44. Kf1 Qf3 45. Ke1 Nd4 46.
Qb2 Kf6 47. Qa2 Qc3+ 48. Kf1 Qc1+ 49. Kg2 Nc2 50. Bb5 Qd2 51. Kg1 Qd1+ 52. Kg2
Qg4+ 53. Kf1 Qh3+ 54. Ke2 Nd4+ 55. Kd2 Qf3 56. Ke1 Qxb3 57. Qxb3 Nxb3 58. Bd7
Ke7 59. Bc6 Kd6 60. Be4 Nc5 61. Bc2 0-1

[Event "Tradewise Gibraltar Masters 16th"]
[Site "Gibraltar"]
[Date "2018.01.24"]
[Round "2.96"]
[White "Gandrud, Vegar Koi"]
[Black "Hapala, Elisabeth"]
[Result "1-0"]
[WhiteElo "2346"]
[BlackElo "2097"]
[PlyCount "107"]
[EventDate "2018.01.23"]
[EventType "swiss"]
[EventRounds "10"]
[EventCountry "GGB"]
[SourceTitle "BritBase"]
[Source "www.saund.co.uk"]
[SourceDate "2018.02.10"]
[SourceVersion "1"]
[SourceVersionDate "2018.02.10"]
[SourceQuality "1"]

1. d4 d5 2. c4 c6 3. Nf3 Nf6 4. e3 Bf5 5. Nc3 e6 6. Nh4 Bg6 7. Bd2 Nbd7 8. Nxg6
hxg6 9. Be2 Bd6 10. h3 O-O 11. O-O Re8 12. c5 Bc7 13. f4 Ne4 14. Nxe4 dxe4 15.
Bc4 Qe7 16. Be1 f5 17. b4 a6 18. a4 Qf7 19. b5 axb5 20. axb5 Nf6 21. Bd2 Nd5
22. Qb3 Qd7 23. Ra4 Reb8 24. Rfa1 Rxa4 25. Rxa4 Qc8 26. Qa2 Bd8 27. Ra7 Kh7 28.
bxc6 Qxc6 29. Qb3 b6 30. Kh2 Bc7 31. Bb5 bxc5 32. Bxc6 Rxb3 33. Bxd5 Bxf4+ 34.
exf4 exd5 35. dxc5 e3 36. Be1 d4 37. Rd7 Rb1 38. Bh4 e2 39. Rxd4 e1=Q 40. Bxe1
Rxe1 41. Rc4 Re7 42. c6 Rc7 43. Kg3 Kg8 44. Kh4 Kf7 45. Kg5 Ke6 46. Kxg6 Kd5
47. Rc1 Ke4 48. g3 Kf3 49. Rc3+ Ke4 50. h4 Kd4 51. Rc1 Ke4 52. h5 Kf3 53. Kxf5
Kxg3 54. Ke5 1-0

[Event "Tradewise Gibraltar Masters 16th"]
[Site "Gibraltar"]
[Date "2018.01.24"]
[Round "2.97"]
[White "Bellin, Robert"]
[Black "Cholleti, Sahajasri"]
[Result "1-0"]
[WhiteElo "2343"]
[BlackElo "2083"]
[PlyCount "67"]
[EventDate "2018.01.23"]
[EventType "swiss"]
[EventRounds "10"]
[EventCountry "GGB"]
[SourceTitle "BritBase"]
[Source "www.saund.co.uk"]
[SourceDate "2018.02.10"]
[SourceVersion "1"]
[SourceVersionDate "2018.02.10"]
[SourceQuality "1"]

1. e3 Nf6 2. Nf3 e6 3. b3 d5 4. Bb2 c5 5. Bb5+ Nc6 6. Ne5 Qc7 7. O-O Bd6 8. f4
Bd7 9. Bxc6 Bxc6 10. d3 Bxe5 11. fxe5 Nd7 12. Qh5 Nf8 13. Nd2 Ng6 14. Rf2 O-O-O
15. Raf1 Rdf8 16. c4 b6 17. d4 cxd4 18. exd4 f5 19. cxd5 Bxd5 20. Rc1 Bc6 21.
b4 b5 22. Nb3 Kb8 23. Na5 Ne7 24. Rfc2 Rc8 25. Nxc6+ Nxc6 26. Rxc6 Qxc6 27.
Rxc6 Rxc6 28. Qe2 a6 29. d5 exd5 30. e6 Re8 31. e7 g6 32. Bd4 Kc8 33. Bc5 Kd7
34. Qe5 1-0

[Event "Tradewise Gibraltar Masters 16th"]
[Site "Gibraltar"]
[Date "2018.01.24"]
[Round "2.98"]
[White "Compton, Alistair"]
[Black "Jessel, Stephen"]
[Result "1/2-1/2"]
[WhiteElo "2082"]
[BlackElo "2342"]
[PlyCount "88"]
[EventDate "2018.01.23"]
[EventType "swiss"]
[EventRounds "10"]
[EventCountry "GGB"]
[SourceTitle "BritBase"]
[Source "www.saund.co.uk"]
[SourceDate "2018.02.10"]
[SourceVersion "1"]
[SourceVersionDate "2018.02.10"]
[SourceQuality "1"]

1. e4 e6 2. d4 d5 3. Nc3 Nf6 4. Bg5 Bb4 5. e5 h6 6. Bh4 g5 7. Bg3 Ne4 8. Nge2
f5 9. f3 Nxg3 10. hxg3 Qe7 11. a3 Ba5 12. b4 Bb6 13. Na4 Bd7 14. Nec3 Kf8 15.
Be2 Kg7 16. f4 Nc6 17. Nxb6 axb6 18. b5 Na5 19. g4 Raf8 20. fxg5 Qxg5 21. Rh5
Qf4 22. gxf5 Rxf5 23. Rxf5 Qxf5 24. Bd3 Qg5 25. Qd2 Qg4 26. Qe2 Qxd4 27. O-O-O
Qf4+ 28. Kb1 Rf8 29. Re1 Be8 30. g3 Qg5 31. Nd1 Bh5 32. Qe3 Bxd1 33. Qxg5+ hxg5
34. Rxd1 c5 35. Re1 Rh8 36. Rf1 Rh6 37. Kb2 Nc4+ 38. Bxc4 dxc4 39. Kc3 Rh3 40.
Rf3 g4 41. Re3 Kg6 42. Kxc4 Rh2 43. c3 Kf5 44. Rd3 Rg2 1/2-1/2

[Event "Tradewise Gibraltar Masters 16th"]
[Site "Gibraltar"]
[Date "2018.01.24"]
[Round "2.99"]
[White "Bellon Lopez, Juan Manuel"]
[Black "Bjerre, Tavs"]
[Result "1-0"]
[WhiteElo "2334"]
[BlackElo "2071"]
[PlyCount "45"]
[EventDate "2018.01.23"]
[EventType "swiss"]
[EventRounds "10"]
[EventCountry "GGB"]
[SourceTitle "BritBase"]
[Source "www.saund.co.uk"]
[SourceDate "2018.02.10"]
[SourceVersion "1"]
[SourceVersionDate "2018.02.10"]
[SourceQuality "1"]

1. d4 d5 2. Bg5 Nf6 3. e3 e6 4. Bd3 c5 5. c3 b6 6. Nd2 cxd4 7. exd4 Be7 8. Ngf3
O-O 9. Qe2 Bb7 10. Ne5 Nfd7 11. Nxd7 Nxd7 12. h4 Re8 13. f4 e5 14. fxe5 Bxg5
15. hxg5 Qxg5 16. Bxh7+ Kf8 17. Bd3 Qg3+ 18. Kd1 g6 19. Rh3 Qf4 20. Kc2 Kg7 21.
Rf1 Qg5 22. Qf2 Rf8 23. Rfh1 1-0

[Event "Tradewise Gibraltar Masters 16th"]
[Site "Gibraltar"]
[Date "2018.01.24"]
[Round "2.100"]
[White "Sanchez Jerez, Emilio Miguel"]
[Black "Berrocal Ruiz, Valentin"]
[Result "0-1"]
[WhiteElo "2330"]
[BlackElo "2068"]
[PlyCount "116"]
[EventDate "2018.01.23"]
[EventType "swiss"]
[EventRounds "10"]
[EventCountry "GGB"]
[SourceTitle "BritBase"]
[Source "www.saund.co.uk"]
[SourceDate "2018.02.10"]
[SourceVersion "1"]
[SourceVersionDate "2018.02.10"]
[SourceQuality "1"]

1. e4 e5 2. Nf3 Nc6 3. Nc3 Nf6 4. g3 Bc5 5. Bg2 d6 6. O-O a6 7. h3 O-O 8. d3
Re8 9. Bg5 h6 10. Bh4 Be6 11. Kh2 g5 12. Nxg5 Ng4+ 13. Qxg4 Bxg4 14. Nxf7 Qd7
15. Nxh6+ Kg7 16. Nxg4 Rh8 17. Bf6+ Kg6 18. Bxh8 Rxh8 19. f3 Ne7 20. h4 Kg7 21.
Bh3 Qd8 22. f4 exf4 23. Rxf4 Ng6 24. Nd5 c6 25. Raf1 Nxf4 26. Nxf4 Qe7 27. c3
Ba7 28. h5 Qe8 29. h6+ Rxh6 30. Nxh6 Kxh6 31. Ne6 Qh5 32. Nf4 Qb5 33. b4 Be3
34. Ne6 Qh5 35. d4 Qe2+ 36. Kh1 Bf2 37. Kh2 Qe3 38. Rxf2 Qxf2+ 39. Bg2 Qd2 40.
c4 Qxb4 41. c5 dxc5 42. d5 cxd5 43. exd5 c4 44. Nd8 c3 45. d6 c2 46. d7 c1=Q
47. Nf7+ Kg7 48. d8=Q Qbc5 49. Qh8+ Kxf7 50. Qh7+ Kf6 51. Qh8+ Ke7 52. Qg7+ Kd6
53. Qf6+ Kc7 54. Qf7+ Kb6 55. Qxb7+ Ka5 56. Qh7 Q1g1+ 57. Kh3 Qc8+ 58. g4 Qc3+
0-1

[Event "Tradewise Gibraltar Masters 16th"]
[Site "Gibraltar"]
[Date "2018.01.24"]
[Round "2.101"]
[White "Padmini, Rout"]
[Black "Dasaolu, Rotimi"]
[Result "1-0"]
[WhiteElo "2325"]
[BlackElo "2064"]
[PlyCount "51"]
[EventDate "2018.01.23"]
[EventType "swiss"]
[EventRounds "10"]
[EventCountry "GGB"]
[SourceTitle "BritBase"]
[Source "www.saund.co.uk"]
[SourceDate "2018.02.10"]
[SourceVersion "1"]
[SourceVersionDate "2018.02.10"]
[SourceQuality "1"]

1. e4 c5 2. Nf3 e6 3. d4 cxd4 4. Nxd4 a6 5. c4 Nf6 6. Nc3 Qc7 7. Be2 Bb4 8. f3
d6 9. Qa4+ Nc6 10. Nxc6 Bxc3+ 11. bxc3 Bd7 12. Qa5 Qxc6 13. Ba3 O-O 14. Rd1
Nxe4 15. fxe4 Qxe4 16. Qg5 Ba4 17. Rd4 Qb1+ 18. Qc1 Qf5 19. Rf1 Qa5 20. Bb4 Qb6
21. Bxd6 e5 22. c5 Qc6 23. Rg4 f5 24. Rxg7+ Kxg7 25. Qg5+ Kh8 26. Bxe5+ 1-0

[Event "Tradewise Gibraltar Masters 16th"]
[Site "Gibraltar"]
[Date "2018.01.24"]
[Round "2.102"]
[White "Perez Garcia, Rodney Oscar"]
[Black "Arroyo Rodriguez, Jesus"]
[Result "1-0"]
[WhiteElo "2320"]
[BlackElo "2057"]
[PlyCount "117"]
[EventDate "2018.01.23"]
[EventType "swiss"]
[EventRounds "10"]
[EventCountry "GGB"]
[SourceTitle "BritBase"]
[Source "www.saund.co.uk"]
[SourceDate "2018.02.10"]
[SourceVersion "1"]
[SourceVersionDate "2018.02.10"]
[SourceQuality "1"]

1. e4 c5 2. Nf3 Nf6 3. e5 Nd5 4. d4 cxd4 5. Qxd4 e6 6. c3 Nc6 7. Qe4 f5 8. Qe2
Be7 9. g3 O-O 10. Bg2 d6 11. exd6 Bxd6 12. O-O Bd7 13. Rd1 Bc7 14. c4 Nf6 15.
Nc3 a6 16. Bg5 Qe8 17. Rd2 Rd8 18. Rad1 h6 19. Bxf6 Rxf6 20. c5 Rf8 21. Qc4 Bc8
22. Rxd8 Bxd8 23. b4 Kh7 24. b5 Na5 25. Qb4 e5 26. Re1 e4 27. Nd4 Qf7 28. Bf1
f4 29. Nxe4 fxg3 30. hxg3 axb5 31. Bxb5 Qxa2 32. Bd3 Kh8 33. Bb1 Qd5 34. Nd6
Bh3 35. Be4 Qa2 36. Ne2 Nc6 37. Qb1 Qd2 38. Nc4 Qg5 39. Qxb7 Qxc5 40. Nf4 Rxf4
41. gxf4 Bh4 42. Qa8+ Nd8 43. Ne3 Qc7 44. Rd1 g6 45. Qa4 Qxf4 46. Qe8+ Kg7 47.
Qxg6+ Kf8 48. Qd6+ Qxd6 49. Rxd6 Bg5 50. Ra6 Ne6 51. Bf5 Bxf5 52. Nxf5 Kf7 53.
Nd6+ Ke7 54. Ne4 Bf4 55. Kg2 Kf7 56. Kf3 Bc1 57. Kg4 Ng5 58. Nd6+ Ke6 59. f4
1-0

[Event "Tradewise Gibraltar Masters 16th"]
[Site "Gibraltar"]
[Date "2018.01.24"]
[Round "2.103"]
[White "Coleman, David J"]
[Black "Lopez Mulet, Inigo"]
[Result "0-1"]
[WhiteElo "2055"]
[BlackElo "2318"]
[PlyCount "46"]
[EventDate "2018.01.23"]
[EventType "swiss"]
[EventRounds "10"]
[EventCountry "GGB"]
[SourceTitle "BritBase"]
[Source "www.saund.co.uk"]
[SourceDate "2018.02.10"]
[SourceVersion "1"]
[SourceVersionDate "2018.02.10"]
[SourceQuality "1"]

1. e4 e6 2. d4 d5 3. Nc3 Nf6 4. Bg5 Bb4 5. e5 h6 6. Be3 Ne4 7. Qg4 g5 8. a3
Bxc3+ 9. bxc3 c5 10. Bd3 h5 11. Qf3 Nxc3 12. dxc5 d4 13. Bd2 Nc6 14. Qf6 Qxf6
15. exf6 Na4 16. Bxg5 Nxc5 17. Nf3 a6 18. O-O-O b5 19. Rhe1 Bb7 20. g3 Rc8 21.
Ng1 b4 22. axb4 Nxb4 23. Kd2 Ncxd3 0-1

[Event "Tradewise Gibraltar Masters 16th"]
[Site "Gibraltar"]
[Date "2018.01.24"]
[Round "2.104"]
[White "Povah, Nigel E"]
[Black "Marder, Simon"]
[Result "1/2-1/2"]
[WhiteElo "2310"]
[BlackElo "2054"]
[PlyCount "31"]
[EventDate "2018.01.23"]
[EventType "swiss"]
[EventRounds "10"]
[EventCountry "GGB"]
[SourceTitle "BritBase"]
[Source "www.saund.co.uk"]
[SourceDate "2018.02.10"]
[SourceVersion "1"]
[SourceVersionDate "2018.02.10"]
[SourceQuality "1"]

1. d4 d5 2. Nf3 Nc6 3. c4 Bg4 4. Nc3 e6 5. cxd5 exd5 6. Bf4 Nf6 7. e3 Nh5 8.
Bg3 Nxg3 9. hxg3 Bd6 10. Qb3 Ne7 11. Bd3 c6 12. Qxb7 Rb8 13. Qxa7 Ra8 14. Qb7
Rb8 15. Qa6 Ra8 16. Qb7 1/2-1/2

[Event "Tradewise Gibraltar Masters 16th"]
[Site "Gibraltar"]
[Date "2018.01.24"]
[Round "2.105"]
[White "Rapport, Jovana"]
[Black "Kozarcanin, Sead"]
[Result "1/2-1/2"]
[WhiteElo "2305"]
[BlackElo "2048"]
[PlyCount "53"]
[EventDate "2018.01.23"]
[EventType "swiss"]
[EventRounds "10"]
[EventCountry "GGB"]
[SourceTitle "BritBase"]
[Source "www.saund.co.uk"]
[SourceDate "2018.02.10"]
[SourceVersion "1"]
[SourceVersionDate "2018.02.10"]
[SourceQuality "1"]

1. Nf3 d5 2. g3 g6 3. Bg2 Bg7 4. d4 Nf6 5. O-O O-O 6. b3 b6 7. Bb2 Bb7 8. c4 e6
9. Nc3 Nbd7 10. Ne5 Qe7 11. Nxd7 Qxd7 12. Ba3 Rfd8 13. Rc1 Ne4 14. c5 bxc5 15.
Nxe4 dxe4 16. dxc5 Qxd1 17. Rfxd1 Bd5 18. Rd2 a5 19. e3 Bc6 20. Rcd1 Rxd2 21.
Rxd2 Bc3 22. Rc2 Bb4 23. Bxb4 axb4 24. Bf1 Rd8 25. Be2 Kf8 26. Kf1 Ke7 27. Ke1
1/2-1/2